| 000 | 02133nam0a2200337 i 4500 | ||
|---|---|---|---|
| 001 | RU\NLR\BIBL_A\010194901 | ||
| 005 | 20260412063930.0 | ||
| 010 |
_a9785502002158 _9100 |
||
| 021 |
_aRU _b2013-105986 _97367 |
||
| 035 | _a(NLR Aleph) 010194901 | ||
| 090 |
_a10216629 _c10216629 |
||
| 100 | _a20140226d2013 u y0rusy50 ca | ||
| 101 | 0 | _arus | |
| 102 | _aRU | ||
| 105 | _aa|||z||||00yy | ||
| 200 | 1 |
_aАвтомобильный справочник _eтерминология, определения, исторические факты _eучебное справочное пособие для студентов, обучающихся по направлениям "Наземные транспортные средства" и "Эксплуатация транспортных средств" _fН. А. Кузьмин, В. И. Песков _gМ-во образования и науки Рос. Федерации, Федер. гос. бюдж. образоват. учреждение высш. проф. образования "Нижегор. гос. техн. ун-т им. Р. Е. Алексеева" |
|
| 205 | _aИзд. 2-е, перераб. и доп. | ||
| 210 |
_aНижний Новгород _cНижегородский государственный технический университет _d2013 |
||
| 215 |
_a333 с. _cил., портр. _d21 |
||
| 300 | _aНа 4-й с. обл. авт.: Кузьмин Н.А., д.т.н., проф., Песков В.И., к.т.н., почет. работник высш. проф. образования | ||
| 320 | _aБиблиогр.: с. 313 (9 назв.) | ||
| 606 |
_aАвтомобили _jТерминологические словари _3RU\NLR\AUTH\66209 _9887706 |
||
| 675 | _a656.1(075.8) | ||
| 686 | 1 | _aО33я212 | |
| 700 | 1 |
_8rus _7ca _aКузьмин _bН. А. _cд-р техн. наук _gНиколай Александрович _3RU\NLR\AUTH\7755908 _938840 |
|
| 701 | 1 |
_aПесков _bВ. И. _gВячеслав Иванович |
|
| 942 | _cBOOK | ||
| 980 | _aNBR | ||